00781cam a22002057a 4500003000500000005001700005008004100022010001000063011001000073035001100083040000900094100003900103245018900142260004300331300001900374502009500393650002900488650003400517650002400551CHAP20220817043943.0040810d2002 mx a r 00110 spa d a88631 a89603 a100154 cCHAP00aAndrade Varela, Clotilde Victoria.10aAnálisis de la expresión genética de marcadores moleculares en plantas de frijol (Phaseolus vulgaris L.) cultivadas bajo estrés hídricoc/por Clotilde Victoria Andrade Varela aMontecillo, Méx. :bEl autor,c2002. a40 h. ;bilus. aTesis ( M.C.) CP. Instituto de Recursos Genéticos y Productividad Programa en Genética14aCultivos en invernadero.14aFrijolxEfecto de la humedad.14aFrijolxGenética.